000 00732nam a2200241Ia 4500
005 20260430150327.0
008 008 250103s9999 xx 000 0 eng d
037 _aTheses
040 _aCRL
040 _beng
040 _ceng
041 _2eng
041 _aeng
084 _qCRL
100 _aRohit Kumar Au.; Dasgupta Indranil Gu.
_91237158
245 0 _aFunctional Studies of Sri Lakan Cassava Mosaic Virus AC5 Protein and Transgenic Expression Analysis of Geminiviral Promoter
260 _c2023
300 _a120
650 _aBiology; Plants
700 _aUniversity of Delhi. Faculty of Inter- Disciplinary & Applied Science. Deptt. of Plant Moleculer Biology
942 _cTH
999 _c1849522
_d1849522